[Event "Ille et Vilaine-ch 1112"]
[Site "Ile et Vilaine"]
[Date "2011.12.03"]
[Round "3.25"]
[White "Jamois, Yves"]
[Black "Duclau, Patrick"]
[Result "0-1"]
[WhiteElo "1230"]
[BlackElo "1590"]
[PlyCount "62"]
[EventDate "2012.10.??"]
[EventType "swiss"]
[EventRounds "7"]
[EventCountry "FRA"]
[SourceTitle "EXT 2014"]
[Source "ChessBase"]
[SourceDate "2013.11.20"]
[SourceVersion "1"]
[SourceVersionDate "2013.11.20"]
[SourceQuality "1"]

1. e4 e5 2. Bc4 Nf6 3. d3 Bc5 4. Nf3 Nc6 5. c3 0-0 6. 0-0 d5 7. Bb5 dxe4 8. Bxc6 bxc6 9. Nxe5 exd3 10. Qxd3 Qxd3 11. Nxd3 Bd6 12. h3 Ba6 13. Rd1 Rfe8 14. b3 Bxd3 15. Bb2 Re2 16. Ba3 Bc2 17. Rf1 c5 18. c4 Be5 19. Nc3 Bxc3 20. Rac1 Bd4 21. Rce1 Rae8 22. Rxe2 Rxe2 23. Bc1 Ne4 24. Be3 Bxe3 25. fxe3 Rxe3 26. Kh2 h5 27. Rf4 g6 28. h4 Re2 29. Kh3 Nf2+ 30. Kg3 Ng4 31. Kf3 Re3# 0-1